000 00580cam a2200193 a 4500
001 000009569
005 20200929161628.0
008 000625s1993 sp 000 f spa
020 _a9681901762
040 _aDO-SdBNP
_bspa
_cBNPHU
082 _aG863.44
_bM778b
100 1 _aMonterroso, Augusto,
_d1921-2003
_915065
245 1 4 _aLos buscadores de oro /
_cAugusto Monterroso.
260 _aBarcelona :
_bAlfaguara,
_cc1993.
300 _a110 p. ;
_c20 cm.
490 1 _aAlfaguara literaturas
_v105
650 4 _aNovela guatemalteca
_95392
650 4 _aLiteratura guatemalteca
_95393
999 _c9329
_d9329